000 00183nam a2200085Ia 4500
008 170617s9999 xx 000 0 und d
100 _aAgarwal -S.p
245 0 _aPharmaceutics 1
260 _bBirla
260 _c2009
999 _c15772
_d15772